000 00673nam a22001577a 4500
999 _c61171
_d61171
005 20231227101259.0
008 231227s1986 ru ||||| |||| 00| 0 rus d
041 _arus
080 _a930.85 A-72
245 _aAнтичный мир и археология /
_bПроблемы экономики, политика и културы античных государств. Межвузовский научный сборник.
264 _aСаратов :
_bСаратовский ун-т,
_c1986.
300 _a146 с.;
_b20 см.
653 _aარქეოლოგია
653 _aანტუკური სამყარო
942 _2udc
_cᲬᲘᲒᲜᲘ